000 00740nam a2200253 i 4500
003 DO-SdBNP
005 20240711112654.0
007 ta
008 240711b2005 sp ||||| |||| 00| 0 spa d
020 _a8433968858
040 _aDO-SdBNP
_bspa
_cBNPHu
_erda
082 4 _222
100 _aEnrique, Álvaro,
_d1969-
_eautor
_986056
245 1 0 _aHipotermia /
_cÁlvaro Enrique
264 _aBarcelona :
_bAnagrama,
_c2005.
300 _a187 páginas ;
_c22 cm.
336 _2rdacontent
_atexto
_btxt
337 _2rdamedia
_asin mediación
_bn
338 _2rdacarrier
_avolumen
_bnc
500 _aIncluye dtos biográficos del autor en la solapa de la cubierta
590 _aInventariado, 2024/BT
910 _aBtavárez
942 _2ddc
_cLBS1
999 _c57263
_d57263